000 00261nam a2200097Ia 4500
001 843674
005 20250826173246.0
008 250824s9999 xx 000 0 und d
245 0 _aEVİMDE SAKLI BİLİM 4
_cBİLGENUR ÇORLU
260 _bDİYANET İŞLERİ YAYINLARI
999 _c843674
_d843674